000 00400nam a2200157Ia 4500
008 240729s9999 xx 000 0 und d
022 _a2192-2209
245 0 _aNatural Products and Bioprospecting
260 _aGermany
260 _bSpringerOpen
650 _a Botany
650 _aScience
856 _uhttps://doaj.org/toc/8b5288d87e4242ad87b54b7e39ec41b6
942 _2ddc
942 _cDOAJEJ
999 _c71623
_d71623
945 _a1
_bMadushi Gamage
_c1
_dMadushi Gamage